000 01102nam a22002777a 4500
005 20240530110434.0
008 150406s2010 xxuao g b 000 0 ara d
017 _a2010/1/8773
_bالمملكة الاردنية الهاشمية . المكتبة الوطنية
040 _aEG-CaGPL
082 0 4 _221
_a155.5\
_bإ س
100 0 _aابراهيم مهدى الشبلى
245 1 0 _aسيكولوجية النفس البشرية :
_bكيف تحقق راحتك النفسية /
_cتاليف ابراهيم مهدى الشبلى
250 _aط1
260 _aلاردن :
_bدار الامل للنشر و التوزيع ،
_c2010.
300 _a241 ص :
_bايض ؛
_c24 سم.
504 _aيشتمل على ارجاعات ببليوجرافية
650 0 4 _aعلم النفس الفردى
650 0 4 _aالسلوك
_xعلم نفس
650 0 4 _aالعواطف
650 0 4 _aعلم النفس الفسيولوجى
650 0 4 _aالمزاج
650 0 4 _aالوجدان
650 0 4 _aالروافع النفسية
942 _2ddc
_cBK
999 _c60905
_d60905